History Quiz

Random History or Clickable Quiz

Born in the 19th Century Quiz Stats

 Plays Quiz Updated Jun 11, 2015

Challenge
Share
Tweet
Embed
Score 0/40 Timer 05:00
1 Play Today
% Correct
Winston Churchill
80.9%
Theodore Roosevelt
79.6%
Thomas Edison
78.5%
Alexander Graham Bell
78.1%
Henry Ford
77.7%
Albert Einstein
76.9%
Sigmund Freud
76.1%
Charlie Chaplin
76.1%
Adolf Hitler
74.6%
Abraham Lincoln
74.1%
Joseph Stalin
74.1%
Marie Curie
73.1%
Charles Darwin
72.9%
Arthur Conan Doyle
72.7%
Orville Wright
72.4%
Charles Dickens
72.2%
Oscar Wilde
71.6%
Queen Victoria
71%
Harry Houdini
70.7%
Leo Tolstoy
69.7%
% Correct
Florence Nightingale
68.8%
H.G. Wells
68.1%
Rudyard Kipling
67.9%
Jules Verne
67.2%
Nikola Tesla
66.8%
Vincent van Gogh
66.7%
Lewis Carroll
66.4%
Neville Chamberlain
65.5%
Billy the Kid
65.5%
Pablo Picasso
65%
Wyatt Earp
62.3%
Grigori Rasputin
62.2%
Rutherford B. Hayes
61.8%
J.R.R. Tolkien
60.7%
Bram Stoker
60.4%
Butch Cassidy
60%
George Bernard Shaw
59.7%
Pyotr Ilyich Tchaikovsky
59.3%
Herman Melville
59.3%
Victor Hugo
58.4%

You're not logged in!

Compare scores with friends on all Sporcle quizzes.
Join for Free
OR
Log In

You Might Also Like...

Show Comments

Extras

Top Quizzes Today


Score Distribution

Your Account Isn't Verified!

In order to create a playlist on Sporcle, you need to verify the email address you used during registration. Go to your Sporcle Settings to finish the process.

Report this User

Report this user for behavior that violates our Community Guidelines.

Details: